02165nam a22004217a 450000500170000000800410001702000160005824501100007426000630018430000590024750800560030651101490036252002500051152100100076153800080077154600520077954600530083158600910088458600640097558600830103958600560112258600730117858600570125170000330130870000300134170000300137170000410140170000450144270000260148770000290151370000270154270000270156970000320159670000280162870000290165670000290168570000290171420240517140150.0240517b -us||||| |||| 00| 0 eng d a07990729717 aThe Color Purplec / dirección, Steven Spielberg ; guion Menno Meyjes, Alice Walkerh[videograbaciones] aEstados UnidosbWarner Bros :bAmblin Entertainment,c1985 avideodisco [147 min.] :bDolby digital 5.1c4 3/4 plg. amúsica, Quincy Jones ; fotografía, Allen Daviau aDanny Glover, Whoopi Goldberg, Adolph Caesar, Akosua Busia, Laurence Fishburne, Oprah Winfrey, Rae Dawn Chong, Margaret Avery, Bennet Guillory.  aSinopsis. Principios del siglo XX. Narra la historia de Celie, una adolescente negra de catorce años que está embarazada de su propio padre, un hombre despótico y cruel. A partir de entonces su vida estará llena de dolor y humillaciones. aPG-13 aDVD aInglés y subtítulos en Frances y español  a Frances y subtítulos en inglés y español a1985: 11 nominaciones al Oscar, incluyendo mejor película, guion y actriz (Goldberg) a1985: Globo de Oro: Mejor Actriz (Goldberg). 5 nominaciones a1985: 2 premios National Board of Review: Mejor película y actriz (Goldberg) a1985: Sindicato de Directores (DGA): Mejor director a1985: Sindicato de Guionistas (WGA): Nominada a mejor guion adaptado a1986: Premios BAFTA: Nominada a mejor guion adaptado1 aSpielberg, Steven eDirector1 aMeyjes, Menno eguionista1 aWalker, Alice eguionista1 aJones, Quincy edirector de música1 aDaviau, Allen edirector de fotografía1 aGlover, Danny eactor1 aGoldberg, Whoopieactora1 aCaesar, Adolph eactor1 aBusia, Akosua eactora1 aFishburne, Laurence eactor1 aWinfrey, Oprah eactora1 aDawn Chong, Rae eactora1 aAvery, Margaret eactora1 aGuillory, Bennet eactor